| Tag |
First Indicator |
Second Indicator |
Subfields |
| LEADER |
00000ccm a2200000 a 4500 |
| 001 |
in00001403855 |
| 005 |
20151020053205.0 |
| 008 |
830726r19821981cs dfa hi n N/A |
| 010 |
|
|
|a 83752369
|
| 028 |
2 |
2 |
|a H 6571 p
|b Supraphon
|
| 035 |
|
|
|a (OCoLC)09741847
|
| 035 |
|
|
|9 AHM7332AM
|
| 040 |
|
|
|a DLC
|c RES
|d IUL
|d OCL
|d TXA
|d UtOrBLW
|
| 045 |
2 |
|
|b d1889
|b d1927
|
| 048 |
|
|
|a oa
|
| 049 |
|
|
|a TXAM
|
| 050 |
0 |
0 |
|a M1047.J33
|b L4 1982
|
| 090 |
|
|
|a M1047.J18
|b L4 1982
|
| 100 |
1 |
|
|a Janáček, Leoš,
|d 1854-1928.
|
| 245 |
1 |
0 |
|a Lašské tance =
|b Lachische Tänze = Lachian dances = Danses de Lachie = Lashskie tantsy : (1889, 1927) /
|c Leoš Janáček.
|
| 246 |
3 |
1 |
|a Lachische Tänze
|
| 246 |
3 |
1 |
|a Lachian dances
|
| 246 |
3 |
1 |
|a Danses de Lachie
|
| 246 |
3 |
1 |
|a Lashskie tantsy
|
| 250 |
|
|
|a Edizione secondo il complesso critico.
|
| 254 |
|
|
|a Partitura.
|
| 264 |
|
1 |
|a Praha :
|b Supraphon,
|c 1982.
|
| 300 |
|
|
|a 1 score (ix, 121 pages) ;
|c 34 cm.
|
| 306 |
|
|
|a 002000
|
| 336 |
|
|
|a notated music
|b ntm
|2 rdacontent
|
| 337 |
|
|
|a unmediated
|b n
|2 rdamedia
|
| 338 |
|
|
|a volume
|b nc
|2 rdacarrier
|
| 490 |
1 |
|
|a Souborné kritické vydání děl Leoše Janáčka. Řada D ;
|v sv. 4 =
|a Kritische Gesamtausgabe der Werke von Leoš Janáček. Reihe D ;
|v Bd. 4 =
|a Complete critical edition of the works of Leoš Janáček. Series D ;
|v v. 4
|
| 500 |
|
|
|a For orchestra.
|
| 500 |
|
|
|a "Musical text reprinted from the Complete critical edition of the works of Leoš Janáček, series D, volume 4" (Praha : Supraphon, 1981)
|
| 500 |
|
|
|a Prefatory notes in Czech, English, French, German, and Russian.
|
| 500 |
|
|
|a Duration: approximately 20:00.
|
| 505 |
0 |
|
|a Starodávný I -- Poz̆ehnaný -- Dymák -- Starodávný II -- Čeladenský -- Pilky.
|
| 650 |
|
0 |
|a Orchestral music
|v Scores.
|
| 650 |
|
0 |
|a Folk music
|z Czech Republic
|z Moravia.
|
| 650 |
|
0 |
|a Folk dance music
|z Czech Republic
|z Moravia.
|
| 740 |
0 |
|
|a Lachian dances.
|
| 740 |
0 |
|
|a Lachische Tänze.
|
| 740 |
0 |
|
|a Danses de Lachie.
|
| 740 |
0 |
|
|a Lashskie tantsy.
|
| 800 |
1 |
|
|a Janáček, Leoš,
|d 1854-1928.
|t Works.
|f 1978 ;
|v řada D,sv. 4.
|
| 999 |
|
|
|a MARS
|
| 999 |
f |
f |
|s a5b737b6-83a2-3081-9a6d-a89ec6cabeed
|i b8e83d64-4bef-33f2-925b-d4e460db6705
|t 0
|
| 952 |
f |
f |
|p ric
|a Texas A&M University
|b Rellis Campus
|c Joint Library Facility
|d Remote Storage
|t 0
|e M1047.J18 L4 1982
|h Library of Congress classification
|i unmediated -- volume
|m A14822059365
|
| 998 |
f |
f |
|a M1047.J18 L4 1982
|t 0
|l Remote Storage
|